I Wanna Get Better- Bleachers lyrics - Statistics

General Stats
  • This quiz has been taken 46 times
  • The average score is 347 of 426
Answer Stats
Answer % Correct
a
100%
better
100%
better!"
100%
better,
100%
get
100%
I
100%
wanna
100%
when
100%
an
96%
at
96%
my
96%
the
96%
you
96%
on
92%
and
88%
And
88%
didn't
88%
In
88%
in
88%
screaming
88%
to
88%
was
88%
your
88%
broken
83%
car
83%
face
83%
know
83%
lonely
83%
who
83%
away
79%
carried
79%
change
79%
from
79%
From
79%
helmet
79%
Hey,
79%
"Hey,
79%
now
79%
Now
79%
of
79%
Of
79%
put
79%
saw
79%
'til
79%
'cause
75%
'Cause
75%
go
75%
I'm
75%
me
75%
myself
75%
standing
75%
That
75%
that
75%
up
75%
wanted
75%
weather
75%
where
75%
down
71%
gave,
71%
girls
71%
got
71%
love,
71%
room
71%
television,
71%
because
67%
cars
67%
chasing
67%
find
67%
follow
67%
friends
67%
getting
67%
hear
67%
high
67%
just
67%
losing
67%
mind
67%
nice
67%
So
67%
stranger
67%
wasted
67%
what
67%
back
63%
caskets
63%
eighteen
63%
give
63%
I've
63%
life
63%
old
63%
year
63%
before
58%
ceiling
58%
chase
58%
loss
58%
Lost
58%
overpass
58%
panicked
58%
said
58%
she
58%
She
58%
shoulda
58%
trace
58%
voice
58%
acid
54%
between
54%
Calling
54%
crash
54%
Cut
54%
faith
54%
feeling
54%
hearses
54%
lines
54%
name
54%
night
54%
out
54%
parkway
54%
past
54%
preacher
54%
still
54%
test
54%
there's
54%
this
54%
trained
54%
trying
54%
bullet
50%
can
50%
How
50%
if
50%
move
50%
permanent
50%
pictures
50%
seconds
50%
show
50%
their
50%
through
50%
time
50%
were
50%
years
50%
control
46%
Counting
46%
darkness
46%
days
46%
dream
46%
early
46%
family
46%
fear
46%
froze
46%
it's
46%
kill
46%
miss
46%
morning
46%
While
46%
window
46%
Woke
46%
bedroom
42%
blaze
42%
Even
42%
gonna
42%
taxi
42%
Mourn
33%
sleeping
25%
That's
25%
why
25%
No matching quizzes found
Score Distribution
Percent of People with Each Score
Percentile by Number Answered
Your Score History
You have not taken this quiz